Účtovná závierka podnikateľov účtujúcich v sústave podvojného účtovníctva za rok 2015

Zostavenie účtovnej závierky v PÚ za účtovné obdobie končiace k 31.12.2015, ak účtovné obdobie je kalendárny rok, alebo za účtovné obdobie, ktorým je hospodársky rok končiaci v priebehu roka 2016, závisí od zatriedenia účtovnej jednotky do príslušnej veľkostnej skupiny v zmysle paragrafu 2 ods. 5 až...

ver descrição completa

Na minha lista:
Detalhes bibliográficos
Autor principal: Adamíková, Monika
Formato: Capítulo de Livro
Idioma:eslovaco
Assuntos:
Tags: Adicionar Tag
Sem tags, seja o primeiro a adicionar uma tag!

MARC

LEADER 00000naa a2200000 4500
001 0211585
005 20231114104430.6
041 0 |a slo 
044 |a SK 
245 1 0 |a Účtovná závierka podnikateľov účtujúcich v sústave podvojného účtovníctva za rok 2015  |c Monika Adamíková 
520 |a Zostavenie účtovnej závierky v PÚ za účtovné obdobie končiace k 31.12.2015, ak účtovné obdobie je kalendárny rok, alebo za účtovné obdobie, ktorým je hospodársky rok končiaci v priebehu roka 2016, závisí od zatriedenia účtovnej jednotky do príslušnej veľkostnej skupiny v zmysle paragrafu 2 ods. 5 až 8 zákona č. 431/2002 Z.z. o účtovníctve v znení neskorších predpisov. 
610 2 0 |a podnikatelia 
610 2 0 |a závierka účtovná 
610 2 0 |a účtovníctvo podvojné 
100 1 |a Adamíková, Monika